[Event "DEM U12 2022"]
[Site "Willingen GER"]
[Date "2022.06.05"]
[Round "2"]
[White "Malinowsky, Levi"]
[Black "Blodig, Vincent"]
[Result "1-0"]
[Termination "normal"]
[Board "6"]
[WhiteElo "1816"]
[BlackElo "1461"]
[WhiteClock "00:10:57"]
[BlackClock "00:21:29"]
[PlyCount "119"]
[WhiteFideId "16253094"]
[BlackFideId "16297857"]
[EventCountry "GER"]
[EventRounds "9"]
[EventType "swiss"]
[EventDate "2022.06.04"]

1. Nf3 {[%clk 01:30:54]} {[%emt 00:00:05]} d5 {[%clk 01:29:27]} {[%emt
00:01:34]} 2. d3 {[%clk 01:30:28]} {[%emt 00:00:56]} Nf6 {[%clk 01:29:25]}
{[%emt 00:00:33]} 3. Nbd2 {[%clk 01:29:40]} {[%emt 00:01:18]} c5 {[%clk
01:28:17]} {[%emt 00:01:38]} 4. e4 {[%clk 01:28:11]} {[%emt 00:01:58]} d4
{[%clk 01:27:38]} {[%emt 00:01:09]} 5. h3 {[%clk 01:24:20]} {[%emt 00:04:21]}
Nc6 {[%clk 01:26:40]} {[%emt 00:01:29]} 6. g4 {[%clk 01:23:27]} {[%emt
00:01:23]} g6 {[%clk 01:19:36]} {[%emt 00:07:34]} 7. Bg2 {[%clk 01:21:47]}
{[%emt 00:02:09]} Bg7 {[%clk 01:19:13]} {[%emt 00:00:53]} 8. O-O {[%clk
01:18:33]} {[%emt 00:03:43]} h5 {[%clk 01:17:11]} {[%emt 00:02:33]} 9. g5
{[%clk 01:17:56]} {[%emt 00:01:08]} Nd7 {[%clk 01:16:46]} {[%emt 00:00:55]} 10.
Ne1 {[%clk 01:14:51]} {[%emt 00:03:35]} e5 {[%clk 01:15:56]} {[%emt 00:01:20]}
11. f4 {[%clk 01:13:11]} {[%emt 00:02:10]} exf4 {[%clk 01:16:04]} {[%emt
00:00:22]} 12. Ndf3 {[%clk 01:06:02]} {[%emt 00:07:39]} Nde5 {[%clk 01:14:14]}
{[%emt 00:02:20]} 13. Bxf4 {[%clk 01:04:56]} {[%emt 00:01:36]} O-O {[%clk
01:12:00]} {[%emt 00:02:44]} 14. Qd2 {[%clk 01:03:30]} {[%emt 00:01:56]} Be6
{[%clk 01:10:41]} {[%emt 00:01:49]} 15. c3 {[%clk 01:00:33]} {[%emt 00:03:27]}
Qa5 {[%clk 00:58:57]} {[%emt 00:12:15]} 16. Nxe5 {[%clk 00:46:51]} {[%emt
00:14:12]} Bxe5 {[%clk 00:57:25]} {[%emt 00:02:01]} 17. Bxe5 {[%clk 00:46:53]}
{[%emt 00:00:28]} Nxe5 {[%clk 00:57:40]} {[%emt 00:00:15]} 18. Qf4 {[%clk
00:34:37]} {[%emt 00:12:46]} Nc6 {[%clk 00:53:25]} {[%emt 00:04:45]} 19. cxd4
{[%clk 00:25:16]} {[%emt 00:09:51]} Nxd4 {[%clk 00:53:14]} {[%emt 00:00:40]}
20. Qf2 {[%clk 00:19:30]} {[%emt 00:06:15]} Nb3 {[%clk 00:50:16]} {[%emt
00:03:28]} 21. Rd1 {[%clk 00:18:45]} {[%emt 00:01:16]} Qxa2 {[%clk 00:48:43]}
{[%emt 00:02:03]} 22. Nf3 {[%clk 00:15:46]} {[%emt 00:03:29]} Qa6 {[%clk
00:44:12]} {[%emt 00:05:00]} 23. Ne5 {[%clk 00:14:07]} {[%emt 00:02:09]} Nd4
{[%clk 00:42:30]} {[%emt 00:02:13]} 24. Qf6 {[%clk 00:11:44]} {[%emt 00:02:53]}
Kh7 {[%clk 00:40:04]} {[%emt 00:02:56]} 25. Qe7 {[%clk 00:10:54]} {[%emt
00:01:20]} Rae8 {[%clk 00:23:48]} {[%emt 00:16:46]} 26. Qxc5 {[%clk 00:10:47]}
{[%emt 00:00:38]} Nb3 {[%clk 00:22:08]} {[%emt 00:02:10]} 27. Qb4 {[%clk
00:09:55]} {[%emt 00:01:23]} b5 {[%clk 00:15:50]} {[%emt 00:06:48]} 28. d4
{[%clk 00:09:37]} {[%emt 00:00:48]} Qb6 {[%clk 00:16:07]} {[%emt 00:00:13]} 29.
Kh1 {[%clk 00:09:35]} {[%emt 00:00:32]} a5 {[%clk 00:16:02]} {[%emt 00:00:35]}
30. Qc3 {[%clk 00:09:51]} {[%emt 00:00:14]} b4 {[%clk 00:16:03]} {[%emt
00:00:30]} 31. Qd3 {[%clk 00:09:34]} {[%emt 00:00:45]} Qc7 {[%clk 00:15:33]}
{[%emt 00:01:01]} 32. Rf6 {[%clk 00:09:09]} {[%emt 00:00:54]} a4 {[%clk
00:14:18]} {[%emt 00:01:46]} 33. Rdf1 {[%clk 00:07:58]} {[%emt 00:01:40]} a3
{[%clk 00:12:11]} {[%emt 00:02:37]} 34. Rxe6 {[%clk 00:06:24]} {[%emt
00:02:04]} fxe6 {[%clk 00:10:53]} {[%emt 00:01:48]} 35. Qxb3 {[%clk 00:05:55]}
{[%emt 00:00:59]} Rxf1+ {[%clk 00:11:07]} {[%emt 00:00:16]} 36. Bxf1 {[%clk
00:06:19]} {[%emt 00:00:06]} Qc1 {[%clk 00:11:05]} {[%emt 00:00:32]} 37. Qf3
{[%clk 00:06:18]} {[%emt 00:00:31]} Re7 {[%clk 00:10:32]} {[%emt 00:01:04]} 38.
Nxg6 {[%clk 00:04:04]} {[%emt 00:02:44]} Qxg5 {[%clk 00:06:24]} {[%emt
00:04:38]} 39. Nxe7 {[%clk 00:04:11]} {[%emt 00:00:23]} a2 {[%clk 00:06:41]}
{[%emt 00:00:13]} 40. Qf7+ {[%clk 00:03:15]} {[%emt 00:01:25]} Qg7 {[%clk
00:07:02]} {[%emt 00:00:09]} 41. Qxh5+ {[%clk 00:02:49]} {[%emt 00:00:56]} Qh6
{[%clk 00:07:22]} {[%emt 00:00:09]} 42. Qg4 {[%clk 00:22:50]} {[%emt 00:10:29]}
Qf6 {[%clk 00:33:25]} {[%emt 00:04:27]} 43. Qd1 {[%clk 00:19:03]} {[%emt
00:04:17]} Qxe7 {[%clk 00:33:00]} {[%emt 00:00:54]} 44. Bc4 {[%clk 00:18:43]}
{[%emt 00:00:50]} Qa7 {[%clk 00:30:05]} {[%emt 00:03:26]} 45. Bxa2 {[%clk
00:17:26]} {[%emt 00:01:47]} Qxa2 {[%clk 00:30:24]} {[%emt 00:00:10]} 46. Qe2
{[%clk 00:11:44]} {[%emt 00:06:12]} Qa7 {[%clk 00:29:26]} {[%emt 00:01:28]} 47.
Qd2 {[%clk 00:11:04]} {[%emt 00:01:10]} b3 {[%clk 00:28:30]} {[%emt 00:01:27]}
48. Kg2 {[%clk 00:09:46]} {[%emt 00:01:48]} Qf7 {[%clk 00:26:23]} {[%emt
00:02:37]} 49. Qe3 {[%clk 00:09:06]} {[%emt 00:01:10]} Qg7+ {[%clk 00:25:08]}
{[%emt 00:01:45]} 50. Kf2 {[%clk 00:09:20]} {[%emt 00:00:16]} Qf8+ {[%clk
00:25:27]} {[%emt 00:00:11]} 51. Ke2 {[%clk 00:09:34]} {[%emt 00:00:15]} Qb4
{[%clk 00:25:40]} {[%emt 00:00:18]} 52. d5 {[%clk 00:09:28]} {[%emt 00:00:36]}
e5 {[%clk 00:24:30]} {[%emt 00:01:39]} 53. Qd3 {[%clk 00:09:41]} {[%emt
00:00:17]} Kg6 {[%clk 00:23:19]} {[%emt 00:01:41]} 54. d6 {[%clk 00:10:01]}
{[%emt 00:00:11]} Qb6 {[%clk 00:21:58]} {[%emt 00:01:50]} 55. d7 {[%clk
00:10:03]} {[%emt 00:00:28]} Qd8 {[%clk 00:22:15]} {[%emt 00:00:13]} 56. Qd6+
{[%clk 00:10:20]} {[%emt 00:00:12]} Kh7 {[%clk 00:22:08]} {[%emt 00:00:37]} 57.
Qe6 {[%clk 00:10:24]} {[%emt 00:00:26]} Qh4 {[%clk 00:21:48]} {[%emt 00:00:50]}
58. Qg4 {[%clk 00:10:26]} {[%emt 00:00:28]} Qe7 {[%clk 00:21:25]} {[%emt
00:00:53]} 59. Qh5+ {[%clk 00:10:42]} {[%emt 00:00:13]} Kg7 {[%clk 00:21:29]}
{[%emt 00:00:27]} 60. Qe8 {[%clk 00:10:57]} {[%emt 00:00:15]} 1-0

[Event "DEM U12 2022"]
[Site "Willingen GER"]
[Date "2022.06.05"]
[Round "2"]
[White "Dodul, Arthur"]
[Black "Polzin, Gustav"]
[Result "0-1"]
[Termination "normal"]
[Board "18"]
[WhiteElo "1443"]
[BlackElo "1658"]
[WhiteClock "00:39:39"]
[BlackClock "00:41:28"]
[PlyCount "106"]
[WhiteFideId "34609016"]
[BlackFideId "34603280"]
[EventCountry "GER"]
[EventRounds "9"]
[EventType "swiss"]
[EventDate "2022.06.04"]

1. f4 {[%clk 00:00:00]} {[%emt 02:22:17]} d5 {[%clk 00:00:00]} {[%emt
00:00:09]} 2. Nf3 {[%clk 00:00:00]} {[%emt 00:00:17]} Nf6 {[%clk 00:00:00]}
{[%emt 00:00:15]} 3. e3 {[%clk 01:30:41]} {[%emt 00:00:36]} g6 {[%clk
01:30:47]} {[%emt 00:00:13]} 4. b3 {[%clk 01:31:01]} {[%emt 00:00:11]} Bg7
{[%clk 01:31:11]} {[%emt 00:00:06]} 5. Bb2 {[%clk 01:30:57]} {[%emt 00:00:34]}
c5 {[%clk 01:30:52]} {[%emt 00:00:49]} 6. h3 {[%clk 01:31:03]} {[%emt
00:00:24]} Nc6 {[%clk 01:30:38]} {[%emt 00:00:44]} 7. Bb5 {[%clk 01:30:13]}
{[%emt 00:01:20]} Qb6 {[%clk 01:29:44]} {[%emt 00:01:24]} 8. Bxc6+ {[%clk
01:29:27]} {[%emt 00:01:17]} bxc6 {[%clk 01:29:53]} {[%emt 00:00:21]} 9. O-O
{[%clk 01:29:02]} {[%emt 00:00:45]} Ba6 {[%clk 01:29:13]} {[%emt 00:01:20]} 10.
d3 {[%clk 01:28:25]} {[%emt 00:01:06]} O-O {[%clk 01:26:47]} {[%emt 00:02:57]}
11. Ne5 {[%clk 01:27:04]} {[%emt 00:01:47]} c4 {[%clk 01:26:43]} {[%emt
00:00:38]} 12. Qe2 {[%clk 01:24:38]} {[%emt 00:02:53]} Rfd8 {[%clk 01:26:25]}
{[%emt 00:00:51]} 13. Nc3 {[%clk 01:23:11]} {[%emt 00:01:55]} Nh5 {[%clk
01:25:03]} {[%emt 00:01:54]} 14. Na4 {[%clk 01:22:10]} {[%emt 00:01:30]} Qc7
{[%clk 01:24:03]} {[%emt 00:01:32]} 15. Kh2 {[%clk 01:19:52]} {[%emt 00:01:36]}
Rab8 {[%clk 01:23:19]} {[%emt 00:02:26]} 16. Nc5 {[%clk 01:18:29]} {[%emt
00:01:48]} Bc8 {[%clk 01:22:36]} {[%emt 00:01:17]} 17. Rad1 {[%clk 01:16:51]}
{[%emt 00:02:05]} Rb5 {[%clk 01:20:26]} {[%emt 00:02:43]} 18. d4 {[%clk
01:15:27]} {[%emt 00:01:54]} Nf6 {[%clk 01:19:16]} {[%emt 00:01:39]} 19. Rc1
{[%clk 01:10:16]} {[%emt 00:05:31]} h5 {[%clk 01:15:43]} {[%emt 00:04:13]} 20.
Bc3 {[%clk 01:07:41]} {[%emt 00:03:03]} cxb3 {[%clk 01:05:56]} {[%emt
00:10:19]} 21. cxb3 {[%clk 01:06:16]} {[%emt 00:01:55]} Nd7 {[%clk 01:05:35]}
{[%emt 00:00:52]} 22. Nexd7 {[%clk 01:06:17]} {[%emt 00:00:27]} Bxd7 {[%clk
01:05:52]} {[%emt 00:00:13]} 23. a4 {[%clk 01:06:19]} {[%emt 00:00:28]} Rb6
{[%clk 01:05:18]} {[%emt 00:01:05]} 24. Ba5 {[%clk 01:06:18]} {[%emt 00:00:30]}
Bf5 {[%clk 01:05:24]} {[%emt 00:00:24]} 25. Bxb6 {[%clk 01:05:54]} {[%emt
00:00:55]} axb6 {[%clk 01:05:42]} {[%emt 00:00:12]} 26. Nd3 {[%clk 01:06:00]}
{[%emt 00:00:22]} f6 {[%clk 01:04:20]} {[%emt 00:01:54]} 27. Nb4 {[%clk
01:04:39]} {[%emt 00:01:49]} Rd6 {[%clk 01:04:11]} {[%emt 00:00:41]} 28. Rc3
{[%clk 01:03:29]} {[%emt 00:01:37]} e5 {[%clk 01:02:54]} {[%emt 00:01:51]} 29.
Rfc1 {[%clk 00:55:52]} {[%emt 00:08:03]} exf4 {[%clk 01:00:40]} {[%emt
00:02:48]} 30. Kh1 {[%clk 00:52:17]} {[%emt 00:04:03]} Be4 {[%clk 00:44:12]}
{[%emt 00:16:59]} 31. Nd3 {[%clk 00:49:01]} {[%emt 00:03:43]} fxe3 {[%clk
00:41:22]} {[%emt 00:03:22]} 32. Qxe3 {[%clk 00:48:14]} {[%emt 00:01:15]} Re6
{[%clk 00:40:04]} {[%emt 00:01:51]} 33. Qf2 {[%clk 00:47:01]} {[%emt 00:01:38]}
Bh6 {[%clk 00:40:06]} {[%emt 00:00:33]} 34. Rf1 {[%clk 00:46:32]} {[%emt
00:00:46]} Be3 {[%clk 00:39:27]} {[%emt 00:01:21]} 35. Qe1 {[%clk 00:41:11]}
{[%emt 00:05:49]} Bxd4 {[%clk 00:39:30]} {[%emt 00:00:28]} 36. Qd2 {[%clk
00:38:09]} {[%emt 00:03:29]} Qg3 {[%clk 00:37:25]} {[%emt 00:02:39]} 37. Nf4
{[%clk 00:37:01]} {[%emt 00:01:36]} Bxc3 {[%clk 00:37:39]} {[%emt 00:00:18]}
38. Qe2 {[%clk 00:36:33]} {[%emt 00:00:45]} Be5 {[%clk 00:37:27]} {[%emt
00:00:56]} 39. Qf2 {[%clk 00:36:00]} {[%emt 00:00:59]} Bxf4 {[%clk 00:37:26]}
{[%emt 00:00:34]} 40. Qxg3 {[%clk 00:36:05]} {[%emt 00:00:25]} Bxg3 {[%clk
00:37:46]} {[%emt 00:00:11]} 41. b4 {[%clk 00:36:23]} {[%emt 00:00:11]} Bd3
{[%clk 00:37:52]} {[%emt 00:00:25]} 42. Rd1 {[%clk 00:36:21]} {[%emt 00:00:31]}
Re1+ {[%clk 00:38:08]} {[%emt 00:00:15]} 43. Rxe1 {[%clk 00:36:45]} {[%emt
00:00:06]} Bxe1 {[%clk 00:38:33]} {[%emt 00:00:05]} 44. a5 {[%clk 00:37:06]}
{[%emt 00:00:05]} d4 {[%clk 00:38:55]} {[%emt 00:00:13]} 45. axb6 {[%clk
00:37:24]} {[%emt 00:00:11]} Ba6 {[%clk 00:38:53]} {[%emt 00:00:32]} 46. g4
{[%clk 00:37:42]} {[%emt 00:00:09]} d3 {[%clk 00:39:21]} {[%emt 00:00:05]} 47.
gxh5 {[%clk 00:37:47]} {[%emt 00:00:24]} d2 {[%clk 00:39:47]} {[%emt 00:00:05]}
48. h6 {[%clk 00:38:02]} {[%emt 00:00:14]} d1=Q {[%emt 00:00:10]} 49. h7+
{[%clk 00:38:29]} {[%emt 00:00:02]} Kh8 {[%clk 00:40:00]} {[%emt 00:00:38]} 50.
Kg2 {[%clk 00:38:49]} {[%emt 00:00:10]} Qe2+ {[%clk 00:40:22]} {[%emt
00:00:08]} 51. Kh1 {[%clk 00:39:07]} {[%emt 00:00:10]} Qf3+ {[%clk 00:40:39]}
{[%emt 00:00:14]} 52. Kh2 {[%clk 00:39:20]} {[%emt 00:00:17]} Bf1 {[%clk
00:41:02]} {[%emt 00:00:07]} 53. h4 {[%clk 00:39:39]} {[%emt 00:00:11]} Qg2#
{[%clk 00:41:28]} {[%emt 00:00:04]} 0-1

[Event "DEM U12 2022"]
[Site "Willingen GER"]
[Date "2022.06.05"]
[Round "2"]
[White "Haertel, Leon"]
[Black "Steven, Matthias"]
[Result "1/2-1/2"]
[Termination "normal"]
[Board "28"]
[WhiteElo "1536"]
[BlackElo "1376"]
[PlyCount "181"]
[WhiteFideId "34623736"]
[BlackFideId "16295528"]
[EventCountry "GER"]
[EventRounds "9"]
[EventType "swiss"]
[EventDate "2022.06.04"]

1. d4 d5 2. c4 c6 3. Nc3 Nf6 4. Bf4 Bf5 5. e3 e6 6. Qb3 Qb6 7. Qxb6 axb6 8. Nf3
Nbd7 9. a3 Be7 10. cxd5 Nxd5 11. Nxd5 exd5 12. Be2 b5 13. O-O Nb6 14. Ne5 f6
15. Nf3 Na4 16. Ra2 O-O 17. Rc1 Rfc8 18. Bd1 Nxb2 19. Rxb2 Bxa3 20. Rbc2 Bxc2
21. Rxc2 Be7 22. Rc1 Ra2 23. Bb3 Rb2 24. Bc2 Ra8 25. Bd3 Rba2 26. h3 Ra1 27.
Rxa1 Rxa1+ 28. Kh2 Ra2 29. Bg3 b4 30. e4 Ra3 31. Bb1 Ra1 32. Bc2 dxe4 33. Bxe4
b3 34. d5 cxd5 35. Bxd5+ Kf8 36. Bxb3 b5 37. Nd4 Rb1 38. Bc2 Rb2 39. Bxh7 b4
40. Bg6 Rd2 41. Nb3 Rd5 42. Be4 Rd8 43. Bf4 Bd6 44. Bxd6+ Rxd6 45. Bc2 Ke7 46.
f3 Ke6 47. Kg3 Kd5 48. Bd3 Re6 49. Kf2 Re5 50. g4 g5 51. Be4+ Kc4 52. Nd2+ Kc3
53. Ke3 b3 54. Nb1+ Kb2 55. Nd2 Ka2 56. Nxb3 Kxb3 57. f4 gxf4+ 58. Kxf4 Kc4 59.
Bf5 Kd5 60. h4 Kd6 61. g5 fxg5+ 62. hxg5 Re7 63. g6 Rg7 64. Kg5 Ke7 65. Kh6 Kf6
66. Bd3 Rb7 67. Kh5 Kg7 68. Kg5 Rb5+ 69. Kf4 Kf6 70. Ke4 Re5+ 71. Kd4 Re7 72.
Kc4 Ke5 73. Kc3 Rc7+ 74. Kd2 Kd4 75. Ke2 Re7+ 76. Kd2 Re3 77. Bf5 Re7 78. Kc2
Rc7+ 79. Kb3 Rc3+ 80. Kb2 Rg3 81. Bc2 Kc4 82. Bf5 Kb4 83. Kc2 Kc4 84. Kd2 Kd4
85. Ke2 Ke5 86. Kf2 Rg5 87. Bd3 Kf4 88. Bb1 Rb5 89. Bd3 Rd5 90. Ke2 Re5+ 91.
Kd2 1/2-1/2

[Event "DEM U12 2022"]
[Site "Willingen GER"]
[Date "2022.06.05"]
[Round "2"]
[White "Radeke, Timothy"]
[Black "Rempe, Lennik"]
[Result "1-0"]
[Termination "normal"]
[Board "29"]
[WhiteElo "1129"]
[BlackElo "1073"]
[PlyCount "105"]
[WhiteFideId "16289412"]
[BlackFideId "16248031"]
[EventCountry "GER"]
[EventRounds "9"]
[EventType "swiss"]
[EventDate "2022.06.04"]

1. e4 e5 2. Nf3 Nc6 3. Bc4 Nf6 4. d4 exd4 5. O-O Nxe4 6. Re1 d5 7. Bxd5 Qxd5 8.
Nc3 Qh5 9. Nxe4 Be6 10. Bg5 Bd6 11. Nxd6+ cxd6 12. Bf4 Qd5 13. c3 Qf5 14. Bg3
d3 15. Re3 O-O 16. Qxd3 Qxd3 17. Rxd3 d5 18. Ne5 Nxe5 19. Bxe5 f6 20. Bd4 Rf7
21. Rg3 Re8 22. Bxa7 Rfe7 23. Bc5 Rc7 24. Bd4 Rf7 25. Re1 f5 26. Rge3 Rfe7 27.
Bc5 Rc7 28. Bd6 d4 29. Rxe6 Rxe6 30. Rxe6 Rc6 31. Re8+ Kf7 32. Re7+ Kf6 33. Bb4
dxc3 34. bxc3 b5 35. Rb7 Re6 36. Kf1 Re5 37. c4 Ke6 38. Re7+ Kf6 39. Rxe5 Kxe5
40. cxb5 Kd5 41. a4 Ke6 42. b6 Kd7 43. a5 Kc6 44. Bc3 g6 45. Bd4 Kb7 46. Ke2 h5
47. Kd3 g5 48. Kc4 g4 49. Kb5 h4 50. a6+ Ka8 51. b7+ Kb8 52. Kb6 h3 53. a7# 1-0

[Event "DEM U12 2022"]
[Site "Willingen GER"]
[Date "2022.06.05"]
[Round "2"]
[White "Schönherr, Stijn"]
[Black "Mündörfer, Sebastian"]
[Result "0-1"]
[Termination "normal"]
[Board "30"]
[WhiteElo "1254"]
[BlackElo "1254"]
[PlyCount "82"]
[WhiteFideId "34611622"]
[BlackFideId "34604367"]
[EventCountry "GER"]
[EventRounds "9"]
[EventType "swiss"]
[EventDate "2022.06.04"]

1. e4 c5 2. Nf3 g6 3. g3 Bg7 4. Bg2 Nc6 5. O-O d6 6. c3 Nf6 7. d4 O-O 8. Qe2
Bg4 9. h3 Bxf3 10. Qxf3 cxd4 11. Bf4 Nd7 12. Rd1 Nde5 13. Qe2 Qb6 14. Kh2 d3
15. Qe3 Qxb2 16. Nd2 Qxc3 17. Rdc1 Qa5 18. Rab1 Rab8 19. Nf3 Qxa2 20. Bxe5 Nxe5
21. Nxe5 Bxe5 22. f4 Bg7 23. Qxd3 b6 24. Qe3 Rbc8 25. Rxc8 Rxc8 26. Rf1 Rc2 27.
Rg1 Qb2 28. f5 Bd4 29. Qf3 Bxg1+ 30. Kxg1 a5 31. fxg6 hxg6 32. Bf1 a4 33. e5 a3
34. e6 f6 35. Qa8+ Kg7 36. Qe8 Qd4+ 37. Kh1 Qe4+ 38. Kg1 Qe3+ 39. Kh1 Qf3+ 40.
Kg1 Qf2+ 41. Kh1 Qh2# 0-1